| 000 | 00415nam a2200181Ia 4500 | ||
|---|---|---|---|
| 008 | 151202s9999||||xx |||||||||||||| ||und|| | ||
| 082 | _bPNVM-83107 | ||
| 100 | _aSTINE . L.R. | ||
| 245 | _aGhost Camp. | ||
| 260 | _bSCHOLASTIC PRESS NEW YORK. | ||
| 260 | _c1996 | ||
| 300 | _a118 | ||
| 600 | _aSTINE . L.R. | ||
| 630 | _aGhost Camp. | ||
| 700 | _aSTINE . L.R. | ||
| 730 | _aGhost Camp. | ||
| 942 | _cBOOK | ||
| 999 |
_c1347821 _d1347818 |
||